| 000 | 00458nam a22001937a 4500 | ||
|---|---|---|---|
| 003 | MPLRDC | ||
| 005 | 20220104143701.0 | ||
| 008 | 210129b ||||| |||| 00| 0 eng d | ||
| 020 | _a957-33-1606-4 | ||
| 082 | _a848.2 XY-13 | ||
| 100 | _a小野著 | ||
| 245 |
_a最好不在家 _c |
||
| 250 | _a一版一刷 | ||
| 260 |
_a _b皇冠出版社 _c1999 |
||
| 300 | _b平 | ||
| 490 | _a小野作品;12 | ||
| 650 | _a现代别集 | ||
| 942 |
_cBK _o848.2 XY-13 |
||
| 999 |
_c42319 _d42309 |
||